Liberalismo y Estructuralismo (Registro nro. 5691)

Detalles MARC
000 -LEADER
fixed length control field 01541 a2200217 4500
001 - CONTROL NUMBER
control field 54617
005 - DATE AND TIME OF LATEST TRANSACTION
control field 20260407155820.0
008 - FIXED-LENGTH DATA ELEMENTS--GENERAL INFORMATION
fixed length control field 260407a1989 arg spa d
003 - CONTROL NUMBER IDENTIFIER
control field AR-UNSa-BCEJYS
040 ## - CATALOGING SOURCE
Original cataloging agency AR-UNSa-BCEJYS
Language of cataloging spa
Transcribing agency AR-UNSa-BCEJYS
080 ## - UNIVERSAL DECIMAL CLASSIFICATION NUMBER
Universal Decimal Classification number 329.12
Common auxiliary subdivision Corriente liberal
020 ## - INTERNATIONAL STANDARD BOOK NUMBER
International Standard Book Number 950-9109-25-8
100 1# - MAIN ENTRY--PERSONAL NAME
Personal name Ferrucci, Ricardo Jorge
245 10 - TITLE STATEMENT
Title Liberalismo y Estructuralismo
Name of part/section of a work en la Argentina contemporanea
250 ## - EDITION STATEMENT
Edition statement 2a. ed.
264 #1 - PRODUCTION, PUBLICATION, DISTRIBUTION, MANUFACTURE, AND COPYRIGHT NOTICE
Place of production, publication, distribution, manufacture Buenos Aires :
Name of producer, publisher, distributor, manufacturer Tesis
Date of production, publication, distribution, manufacture, or copyright notice 1989
300 ## - PHYSICAL DESCRIPTION
Extent 370 p.
Dimensions 22,5 cm.
505 ## - FORMATTED CONTENTS NOTE
Formatted contents note 1. Introducción a la investigación y contenido de la misma - Parte I: Análisis empírico - 2. Evolución de la economía argentina en el período 1946-81 - Parte II: Análisis conceptual - 3. Antecedentes de filosofía económica del modelo liberal argentino contemporáneo - 4. Filosofía económica del modelo liberal argentino contemporáneo - 5. Antecedentes de filosofía económica de los modelos estructuralistas argentinos contemporáneos - 6. Filosofía económica de los modelos estructuralistas argentinos contemporáneos - Parte III: Análisis pragmático - 7. Funcionamiento de la estructura económica argentina contemporánea - 8. Funcionamiento teórico de los modelos de política económica en la Argentina contemporánea - 9. Aproximación empírica al funcionamiento de los modelos de política económica en la Argentina contemporánea - 10. Hacia un modelo viable de política económica en la Argentina actual
590 ## - LOCAL NOTE (RLIN)
Local note niveau_biblio:m niveau_hierar:0
942 ## - ADDED ENTRY ELEMENTS (KOHA)
Koha item type
Existencias
Withdrawn status Lost status Damaged status Not for loan Home library Current library Shelving location Date acquired Total checkouts Full call number Barcode Date last seen Price effective from Koha item type
        Biblioteca Prof. Eusebio Cleto del Rey Biblioteca Prof. Eusebio Cleto del Rey   07/04/2026   329.12 F398 L53821 07/04/2026 07/04/2026 Libro